Taxonomía de los objetivos de la educación: la clasificación de las metas educacionales
Salvato in:
| Autore principale: | |
|---|---|
| Natura: | Libro |
| Lingua: | spagnolo |
| Pubblicazione: |
Buenos Aires
Ateneo
1981
|
| Edizione: | 8a. ed |
| Serie: | Biblioteca nuevas orientaciones de la educación
|
| Soggetti: | |
| Tags: |
Aggiungi Tag
Nessun Tag, puoi essere il primo ad aggiungerne!!
|
MARC
| LEADER | 00000nam a2200000 a 4500 | ||
|---|---|---|---|
| 001 | UCW4851 | ||
| 003 | CL-VaPUC | ||
| 008 | 900824e19810000AG |||||||||||||||||spa|d | ||
| 082 | 0 | 4 | |a 370.11 |b BLO |2 21 |
| 100 | |a Bloom, Benjamin Samuel |e author |9 308803 | ||
| 245 | 1 | 0 | |a Taxonomía de los objetivos de la educación: la clasificación de las metas educacionales |
| 250 | |a 8a. ed | ||
| 300 | |a 355 p | ||
| 942 | |c BK | ||
| 945 | |d 19900824 00:00:00 | ||
| 260 | |a Buenos Aires |b Ateneo |c 1981 | ||
| 650 | 0 | |a Objetivos educativos |9 306344 | |
| 650 | 0 | |a Psicología del aprendizaje |9 306854 | |
| 583 | |a last modification |c 19900824 00:00:00 |k Rodrigo Vera | ||
| 490 | 0 | |a Biblioteca nuevas orientaciones de la educación | |
| 999 | |c 218455 |d 218453 | ||
| 952 | |0 0 |1 0 |4 0 |6 370_110000000000000_BLO_1981 |7 0 |8 P |9 208036 |a BIBEDU |b BIBEDU |c BIBEDU_PB |d 2019-11-15 |i 2758946 |l 2 |m 2 |o 370.11 BLO 1981 |p 2758946 |r 2024-01-25 |s 2021-10-04 |w 2019-11-15 |y BK |k EDU | ||
| 952 | |0 0 |1 0 |4 0 |6 370_110000000000000_BLO_1981 |7 0 |8 P |9 208037 |a BIBEDU |b BIBEDU |c BIBEDU_PB |d 2019-11-15 |i 2758954 |l 4 |m 4 |o 370.11 BLO 1981 |p 2758954 |r 2024-01-25 |s 2021-10-25 |w 2019-11-15 |y BK |k EDU | ||
| 952 | |0 0 |1 0 |4 0 |6 370_110000000000000_BLO_1981 |7 0 |8 P |9 208038 |a BIBEDU |b BIBEDU |c BIBEDU_PB |d 2019-11-15 |i 2758962 |l 2 |m 6 |o 370.11 BLO 1981 |p 2758962 |r 2024-01-25 |s 2021-10-21 |w 2019-11-15 |y BK |k EDU | ||
| 952 | |0 0 |1 0 |4 0 |6 370_110000000000000_BLO_1981 |7 0 |8 P |9 208039 |a BIBEDU |b BIBEDU |c BIBEDU_PB |d 2019-11-15 |i 2758970 |o 370.11 BLO 1981 |p 2758970 |r 2024-01-25 |w 2019-11-15 |y BK |k EDU | ||
| 952 | |0 0 |1 0 |4 0 |6 370_110000000000000_BLO_1981 |7 0 |8 P |9 208040 |a BIBEDU |b BIBEDU |c BIBEDU_PB |d 2019-11-15 |i 2758989 |o 370.11 BLO 1981 |p 2758989 |r 2024-01-25 |w 2019-11-15 |y BK |k EDU | ||
| 952 | |0 0 |1 0 |4 0 |6 370_110000000000000_BLO_1981 |7 0 |8 P |9 208041 |a BIBEDU |b BIBEDU |c BIBEDU_PB |d 2019-11-15 |i 2758997 |o 370.11 BLO 1981 |p 2758997 |r 2024-01-25 |w 2019-11-15 |y BK |k EDU | ||
| 952 | |0 0 |1 0 |4 0 |6 370_110000000000000_BLO_1981 |7 0 |8 P |9 208042 |a BIBEDU |b BIBEDU |c BIBEDU_PB |d 2019-11-15 |i 2759004 |o 370.11 BLO 1981 |p 2759004 |r 2024-01-25 |w 2019-11-15 |y BK |k EDU | ||
| 952 | |0 0 |1 0 |4 0 |6 370_110000000000000_BLO_1981 |7 0 |8 P |9 208043 |a BIBEDU |b BIBEDU |c BIBEDU_PB |d 2019-11-15 |i 2759012 |o 370.11 BLO 1981 |p 2759012 |r 2024-01-25 |w 2019-11-15 |y BK |k EDU | ||
| 952 | |0 0 |1 0 |4 0 |6 370_110000000000000_BLO_1981 |7 0 |8 P |9 208044 |a BIBEDU |b BIBEDU |c BIBEDU_PB |d 2019-11-15 |i 2759020 |o 370.11 BLO 1981 |p 2759020 |r 2024-01-25 |w 2019-11-15 |y BK |k EDU | ||
| 952 | |0 0 |1 0 |4 0 |6 370_110000000000000_BLO_1981 |7 0 |8 P |9 208045 |a BIBEDU |b BIBEDU |c BIBEDU_PB |d 2019-11-15 |i 2759039 |o 370.11 BLO 1981 |p 2759039 |r 2024-01-25 |w 2019-11-15 |y BK |k EDU | ||
| 952 | |0 0 |1 0 |4 0 |6 370_110000000000000_BLO_1981 |7 0 |8 P |9 208046 |a BIBEDU |b BIBEDU |c BIBEDU_PB |d 2019-11-15 |i 2759047 |o 370.11 BLO 1981 |p 2759047 |r 2024-01-25 |w 2019-11-15 |y BK |k EDU | ||
| 952 | |0 0 |1 0 |4 0 |6 370_110000000000000_BLO_1981 |7 0 |8 A |9 208047 |a BIBEDU |b BIBEDU |d 2019-11-15 |i 1247417 |o 370.11 BLO 1981 |p 1247417 |r 2023-01-12 |w 2019-11-15 |y BK |k MUS | ||